Gödel, Escher, Bach: un eterno y grácil bucle
Kaydedildi:
| Yazar: | |
|---|---|
| Materyal Türü: | Kitap |
| Dil: | İspanyolca |
| Baskı/Yayın Bilgisi: |
Barcelona
Tusquets
1992
|
| Edisyon: | 4a. ed |
| Seri Bilgileri: | Serie Metatemas, 14
|
| Konular: | |
| Etiketler: |
Etiketle
Etiket eklenmemiş, İlk siz ekleyin!
|
MARC
| LEADER | 00000nam a2200000 a 4500 | ||
|---|---|---|---|
| 001 | UCW0544 | ||
| 003 | CL-VaPUC | ||
| 008 | 920525e19920000SP |||||||||||||||||spa|d | ||
| 020 | |a 8472234592 | ||
| 082 | 0 | 4 | |a 510.1 |b HOF |2 21 |
| 100 | |a Hofstadter, Douglas R |e author |9 601431 | ||
| 245 | 1 | 0 | |a Gödel, Escher, Bach: un eterno y grácil bucle |
| 250 | |a 4a. ed | ||
| 300 | |a 882 p | ||
| 942 | |c BK | ||
| 945 | |d 19920525 00:00:00 |a mfernand | ||
| 260 | |a Barcelona |b Tusquets |c 1992 | ||
| 600 | 0 | |a Gödel, Kurt Friedrich |9 269759 | |
| 600 | 0 | |a Escher, Maurits Cornelis |d 1898-1972 |9 267648 | |
| 600 | 0 | |a Bach, Johann Sebastian |d 1685-1750 |e compositor |9 269760 | |
| 650 | 0 | |a Metamatemáticas |9 268160 | |
| 650 | 7 | |a INTELIGENCIA ARTIFICIAL |2 CL-VaPUC |9 304463 | |
| 650 | 0 | |a Crítica e interpretación |9 255042 | |
| 583 | |a last modification |c 19920525 00:00:00 |k Rodrigo Vera | ||
| 490 | 0 | |a Serie Metatemas, 14 | |
| 999 | |c 215673 |d 215671 | ||
| 952 | |0 0 |1 0 |4 0 |6 510_100000000000000_HOF_1992 |7 0 |8 A |9 200311 |a BIBMAT |b BIBMAT |d 2019-11-14 |i 3021890 |o 510.1 HOF 1992 |p 3021890 |r 2025-01-07 |w 2019-11-14 |y BK |k MAT | ||
| 952 | |0 0 |1 0 |4 0 |6 510_100000000000000_HOF_1992 |7 0 |8 A |9 200312 |a BIBEDU |b BIBEDU |d 2019-11-14 |i 3902536 |o 510.1 HOF 1992 |p 3902536 |r 2019-11-14 |w 2019-11-14 |y BK |k BME | ||